000 00349nam a22001577a 4500
003 SGT
020 _a818974724-X
082 _a615.4
_bNAM
100 _aNAND, DR. PRATIBHA
245 _aHOSPITAL & CLINICAL PHARMACY
250 _a17TH
260 _aINDIA
_bBIRLA PUB.
_c2025
300 _a528
650 _aCLINICAL PHARMACY
942 _2ddc
_cBK
999 _c32965
_d32965